000 00670nam a2200289Ia 4500
005 20260324141239.0
008 008 260324s9999 xx 000 0 eng d
020 _a9781351041027
037 _aEBOOK
040 _aCRL
040 _beng
040 _cCRL
041 _2eng
041 _aeng
084 _qCRL
100 _aHarriet Harper
_91207471
245 0 _aManagement in Further Education
245 0 _bTheory and Practice
260 _bTaylor and Francis
260 _c1997
365 _a
365 _b160
856 _uhttp://www.taylorfrancis.com/books/9781351041027
942 _cEBOOK
999 _c1810360
_d1810360